|
|
|
|
| LEADER |
00000cam a2200000 a 4500 |
| 001 |
vtls001084338 |
| 003 |
SK-MaSNL |
| 005 |
20260331202958.0 |
| 008 |
240226s1986 xo frb n 000 0 slo |
| 015 |
|
|
|a SNBA1987/06
|
| 020 |
|
|
|q (viazané)
|
| 035 |
|
|
|a SNK000027176
|
| 035 |
|
|
|a 8CD2EAFE-4E37-4196-BE01-BC2E8AD2F188
|
| 035 |
|
|
|a urn:nbn:sk:snk-am00ijf5
|
| 040 |
|
|
|a SNK
|b slo
|c SNK
|e AACR2
|
| 041 |
0 |
|
|a slo
|
| 043 |
|
|
|a e-xo---
|
| 044 |
|
|
|a xo
|c SK
|
| 072 |
|
7 |
|a 330.53+338
|x Národné hospodárstvo a hospodárska politika
|2 konspekt
|
| 072 |
|
7 |
|a 339
|x Obchod
|2 konspekt
|
| 072 |
|
7 |
|a 01
|x Bibliografia. Katalógy
|2 konspekt
|
| 080 |
|
|
|a 015(437.6):339"1918/1928"
|2 1997
|
| 080 |
|
|
|a 339"1918/1928"
|2 1997
|
| 080 |
|
|
|a 330.5+338
|2 2011
|
| 080 |
|
|
|a 070.48
|2 2011
|
| 080 |
|
|
|a 070.432
|2 2011
|
| 080 |
|
|
|a (437.6)
|2 2011
|
| 080 |
|
|
|a (01)-048.58
|2 2011
|
| 080 |
|
|
|a 339
|2 2011
|
| 100 |
1 |
|
|a Kormúth, Dezider,
|d 1936-
|4 com
|9 238501
|
| 245 |
1 |
0 |
|a Bibliografia článkov zo slovenských novín a časopisov 1918-1945
|b odbor VII. Hospodárstvo
|n Časť I.
|p Hospodárstvo na Slovensku 1918-1928
|n zväzok 1
|p Obchod
|c Dezider Kormúth
|
| 246 |
3 |
0 |
|a Obchod
|
| 246 |
3 |
0 |
|a Hospodárstvo na Slovensku 1918-1928
|
| 250 |
|
|
|a 1. vyd.
|
| 260 |
|
|
|a V Martine
|b Matica slovenská
|c 1986
|e Martin
|f Tlačiarne SNP
|
| 300 |
|
|
|a 356 strán
|c 25 cm
|
| 366 |
|
|
|e 800 výtl.
|
| 490 |
1 |
|
|a Slovenská národná retrospektívna bibliografia. Séria C - články
|v 3
|
| 500 |
|
|
|a Obsahuje zoznam skratiek novín a časopisov použitých v časti " obchod" a zoznam použitých skratiek
|
| 504 |
|
|
|a Bibliograficko-popisná časť (záznamy č. 1-4922)
|
| 650 |
0 |
7 |
|a národné hospodárstvo
|2 SNKPH
|9 846
|
| 650 |
0 |
7 |
|a noviny
|2 SNKPH
|9 1420
|
| 650 |
0 |
7 |
|a časopisy
|2 SNKPH
|9 1421
|
| 650 |
0 |
7 |
|a články
|2 SNKPH
|9 26528
|
| 650 |
0 |
7 |
|a obchod
|2 SNKPH
|9 2198
|
| 651 |
|
7 |
|a Slovensko
|2 SNKPHgeo
|9 14231
|
| 655 |
|
7 |
|a výberové bibliografie
|2 SNKPH
|9 70561
|
| 752 |
|
|
|a Slovensko
|d Martin
|
| 830 |
|
0 |
|a Slovenská národná retrospektívna bibliografia
|p Séria C - Články
|9 376727
|
| 852 |
|
|
|a Slovenská národná knižnica
|
| 954 |
|
|
|a odborná, vedecká literatúra pôvodná (slovenská)
|2 lita
|
| 958 |
|
|
|a OND
|
| 958 |
|
|
|a SF
|
| 958 |
|
|
|a TL
|
| 958 |
|
|
|a EUIPO
|
| 999 |
|
|
|c 878608
|d 880538
|
| 952 |
|
|
|a SNK
|b SNK
|y PREZ
|7 0
|p 17A0934806
|o snkSC 68045/1/1
|i snkKSP 2679/87
|0 0
|1 0
|4 0
|d 2012-08-22
|f 1
|l 0
|r 2025-07-10 00:00:00
|w 2026-02-24
|
| 952 |
|
|
|a SNK
|b SNK
|y VYP
|7 0
|p 17A0169141
|o snkSC 68045/1/1 D1
|0 0
|1 0
|4 0
|d 1998-11-19
|l 0
|r 2004-12-31 00:00:00
|w 2026-02-24
|